Top 10 Sunderland Premier League Most Assists - Statistics

General Stats
  • This quiz has been taken 39 times
  • The average score is 5 of 10
Answer Stats
Player Assists % Correct
Kevin Phillips 16
88%
Niall Quinn 13
73%
Adam Johnson 17
70%
Seb Larsson 14
67%
Stéphane Sessègnon 14
48%
Julio Arca 13
42%
Kenwyne Jones 10
42%
Michael Gray 14
36%
Steed Malbranque 17
27%
Andy Reid 11
24%
No matching quizzes found
Score Distribution
Percent of People with Each Score
Percentile by Number Answered
Your Score History
You have not taken this quiz